000 03266nam a2200481Ii 4500
001 DIGLOM01003
003 NyNyDIG
006 m o d
007 cr |||||||||||
008 121001s2008 cl o 000 0 spa d
020 _z9789560000248 (obra completa)
020 _z9789560000255
035 _a(OCoLC)888270261
040 _aDGITA
_beng
_epn
_cDGITA
043 _as-cl---
050 1 4 _aAP63 ebook
240 1 0 _aBabel (Santiago, Chile)
_kSelections
245 0 0 _aBabel
_b:revista de arte y critica.
_n1 /
_cpresentación y selección de textos a cargo de Jaime Massardo.
250 _a1a ed.
264 1 _aSantiago de Chile, Chile :
_bLOM Ediciones,
_c2008.
300 _a1 online resource (115 pages)
336 _atext
_btxt
_2rdacontent
337 _acomputer
_bc
_2rdamedia
338 _aonline resource
_bcr
_2rdacarrier
500 _aOn cover: Babel: revista de arte y critica; tercer trimestre de 2008 no 1.
505 0 _aLos tiempos de la revista Babel / Jaime Massardo -- El obrero chileno en la pampa salitrera / Baldomero Lillo [Año v, vol v, no 22, (1944), pp. 27-34.] -- Juan Gandulfo / Daniel Schweitzer [Año vi, vol vii, no 28, ( julio - agosto de 1945) pp. 18-24] -- Recuerdos de José Domingo Gomez Rojas / Manuel Rojas [Año vi, vol vii, no 28, (julio / agosto de 1945) p. 28. -- Maruri Esquina Cruz / González Vera [Año ix, vol xi, no 45, (mayo - junio de 1948) pp. 132-133] -- 43 Ibidem, -- Los anarquistas / González Vera [Año x, vol xii, no 49, (primer trimestre de 1949) p. 12] -- Entrada a Chile / Manuel Rojas [Año x, vol xii, no 49, (primer trimestre de 1949) pp. 28-38] -- Luis Emilio Recabarren / González Vera [Año xi, vol xiii, no 56, (cuarto trimestre de 1950), pp. 200-206].
520 _aA selection of articles published in: Babel : revista de arte y crítica. [2a época] Santiago, Chile: año i, vol. i, no 1 (Mayo 1939) - año xii, vol. xiv, no 60 (cuarto trimestre, 1951); Publication suspended 1942-43. During 2nd época subtitles varies: Babel : revista de revistas. vol. 1, 1939; Revista de arte y crítica, vol. 2 - vol. 14, 1951. The 1st época was published in: Buenos Aires: año i, no.1 (primera quincena de abril, 1921) - año ix, no 31 (1929).
545 _a1st época: Samuel Glusberg (1898-1987), founder & director ; 2nd época: Director: Enrique Espinoza (pseudonym of Samuel Glusberg); Selected contributors: Manuel Rojas (1896-1973), Luis Franco (1898-1988), José Santos González Vera (1897-1970), Ernesto Montenegro (1885-1967), Laín Díez y Mauricio Amster (1907-1974).
630 0 0 _aBabel (Santiago, Chile)
630 0 0 _aBabel (Buenos Aires, Argentina : 1921)
650 0 _aLiterature
_xHistory and criticism
_vPeriodicals.
650 0 _aLatin American literature
_xHistory and criticism
_vPeriodicals.
650 0 _aArts
_zChile
_vPeriodicals.
651 0 _aChile
_xCivilization
_vPeriodicals.
651 0 _aChile
_vPeriodicals.
655 0 _aElectronic books.
700 1 _aMassardo, Jaime,
_d1949-
791 2 _aDigitalia (Firm),
_edistributor.
793 0 _gDigitalia eBook Collection:
_aLOM Ediciones
856 4 0 _3Digitalia Hispánica
_uhttps://www.digitaliapublishing.com/a/18277/
910 _aPremium Collection: 2007-2012
942 _cRAA
999 _c235743
_d235743